00858nam a22002297a 45000010005000000030006000050050017000110080041000280400029000690500015000980820008001131000022001212450096001432600043002393000059002825050007003415200159003485210018005075210018005256500049005437000036005926835FISKH20250530084930.0250530b cb ||||| |||| 00| 0 eng d aFISKHbengcFISKHdFISKH aPZ7.R355 D a281 aRicci, Christine  aDora's mystery of the missing shoes /cby Christine Ricci ; illustrated by Steven Savitsky  aNew York : bSimon Spotlight, c2007.  a24 unnumbered pages : bcolor illustrations ; c23 cm  aG  aDora is missing her sneaker. Swiper is missing his skate. Where did all of the shoes go? Help Dora and her friends solve the mystery of the missing shoes!8 a300 bLexile 8 aG bRaz-Plus  aDora the ExplorervAdventure xMulticultural aSavitsky, Steven eillustrator